Alone with the alone : creative imagination in the Ṣūfism of Ibn ʻArabī (Record no. 366460)

MARC details
000 -LEADER
fixed length control field 00987nam a2200229Ia 4500
008 - FIXED-LENGTH DATA ELEMENTS--GENERAL INFORMATION
fixed length control field 191130s1998##################000#0#eng##
020 ## - INTERNATIONAL STANDARD BOOK NUMBER
ISBN 9780691058344
082 ## - DEWEY DECIMAL CLASSIFICATION NUMBER
Classification number 297.4092 COR
100 ## - MAIN ENTRY--AUTHOR NAME
Personal name Corbin, Henry
245 ## - TITLE STATEMENT
Title Alone with the alone : creative imagination in the Ṣūfism of Ibn ʻArabī
Statement of responsibility, etc Henry Corbin ; with a new preface by Harold Bloom
260 ## - PUBLICATION, DISTRIBUTION, ETC. (IMPRINT)
Place of publication Princeton, NJ
Name of publisher Princeton University Press
Year of publication 1998
300 ## - PHYSICAL DESCRIPTION
Number of Pages xx, 406 p., 4 leaves of plates : ill. ; 24 cm
500 ## - GENERAL NOTE
General note Previously published as: L'imagination créatrice dans le soufisme d'Ibn ʻArabi and Creative imagination in the Ṣūfism of Ibn ʻArabī. Includes bibliographical references (p. 393-398) and index
650 ## - SUBJECT ADDED ENTRY--TOPICAL TERM
Topical Term Creative ability - Religious aspects - Islam
Topical Term Ibn al-ʻArabī, 1165-1240
Topical Term Imagination - Religious aspects - Islam
Topical Term Sufism
991 ## -
-- 241781
Holdings
Withdrawn status Lost status Damaged status Not for loan Home library Current library Shelving location Date acquired Full call number Accession Number Price effective from Koha item type
        Anna Centenary Library Anna Centenary Library 3RD FLOOR, B WING 17.10.2020 297.4092 COR 164712 17.10.2020 English Books

Find us on the map